[Event "Damhusmesterskabet Gruppe C 2010"]
[Site "Rodovre"]
[Date "2010.10.26"]
[Round "7"]
[White "Hansen, Soren Sonderkaer"]
[Black "Gram, Mathias Laerkegaard"]
[Result "1/2-1/2"]
[WhiteElo "1300"]
[BlackElo "1347"]
[PlyCount "136"]
[EventDate "2010.??.??"]

1. Nf3 Nf6 2. g3 d5 3. d4 e6 4. Bg2 c5 5. O-O Nc6 6. Bg5 h6 7. Bxf6 Qxf6 8. c3
b6 9. e3 Bd6 10. Nbd2 O-O 11. dxc5 Bxc5 12. Nb3 Bd6 13. Qc2 Ba6 14. Rfe1 Rac8
15. a4 Nb4 16. Qd2 Nd3 17. Red1 Bc4 18. Nc1 Nc5 19. Nd4 e5 20. b3 exd4 21. bxc4
dxc3 22. Qc2 dxc4 23. Ra3 Nb3 24. Ra2 Nxc1 25. Rxc1 Bb4 26. Bb7 Rc7 27. Ba6 Rd8
28. Rd1 Rd2 29. Rxd2 cxd2 30. Qd1 c3 31. Bd3 Qe6 32. Ra1 Bc5 33. Bc2 Qe5 34.
Qf3 g6 35. Rb1 Re7 36. Kf1 Qh5 37. Qxh5 gxh5 38. Ke2 Rd7 39. Rb3 Kg7 40. Rxc3
Kf6 41. Rc4 Rd5 42. Bb3 a5 43. Rf4+ Rf5 44. Rxf5+ Kxf5 45. Kxd2 f6 46. Bf7 Kg4
47. Ke2 h4 48. Be6+ Kg5 49. g4 h3 50. Kf3 Kh4 51. Ke4 Bd6 52. f4 Bc5 53. Kd3 h5
54. gxh5 Kxh5 55. Bxh3 Kh4 56. Bf5 Kh5 57. h3 Kh4 58. e4 Bd6 59. Ke3 Kg3 60.
Kd4 Kxf4 61. h4 Bc5+ 62. Kd5 Bf2 63. h5 Kg5 64. Bg6 Bc5 65. Ke6 Bd4 66. Kd5 Bc5
67. e5 fxe5 68. Kxe5 Kh6 1/2-1/2

[Event "Damhusmesterskabet Gruppe C 2010"]
[Site "Rodovre"]
[Date "2010.10.26"]
[Round "7"]
[White "Wadtland, Flemming"]
[Black "Hviid, Jens Carl"]
[Result "1-0"]
[WhiteElo "1246"]
[BlackElo "1298"]
[PlyCount "111"]
[EventDate "2010.??.??"]

1. b4 Nf6 2. Bb2 d6 3. c4 c6 4. Nf3 Ne4 5. d3 Nxf2 6. Kxf2 Qb6+ 7. e3 Qxb4 8.
Qb3 Qa5 9. Nbd2 Nd7 10. d4 Nf6 11. h3 Rb8 12. Bc3 Qf5 13. Qb1 Qxb1 14. Rxb1 Bf5
15. Rc1 h5 16. Nh4 Bh7 17. Be2 d5 18. Bb4 Be4 19. cxd5 Bxd5 20. Bc4 a5 21. Bxa5
Ra8 22. Bxd5 Rxa5 23. Bb3 e6 24. Rc4 Be7 25. Nhf3 Kd7 26. Ne5+ Ke8 27. Rb1 Nd7
28. Nxd7 Kxd7 29. Ra4 Rha8 30. Rxa5 Rxa5 31. Nc4 Bh4+ 32. g3 Rf5+ 33. Ke2 Bxg3
34. Rf1 Rxf1 35. Kxf1 b5 36. Nd2 f5 37. Nf3 Kd6 38. Kg2 f4 39. Ng5 c5 40. dxc5+
Kxc5 41. Ne4+ Kc6 42. Nxg3 h4 43. exf4 hxg3 44. Bxe6 Kd6 45. Bb3 Ke7 46. Kxg3
b4 47. Kg4 Kf6 48. Bc2 Kf7 49. Kg5 Kg8 50. Kg6 Kh8 51. f5 Kg8 52. h4 Kh8 53. h5
Kg8 54. h6 Kh8 55. hxg7+ Kg8 56. Bb3# 1-0